Internetseiten, die am meisten besucht werden (2026) - Statistiken

Allgemein
  • Dieses Quiz wurde 99 mal gespielt
    82 seit der letzten Aktualisierung
  • Das Durchschnittsergebnis liegt bei 9 aus 25
Antwortstatistiken
Rang Antwort % Korrekt
1 {google}.com
100%
4 {instagram}.com
81%
3 {facebook}.com
80%
6 {x}.com
78%
16 {amazon}.com
71%
2 {youtube}.com
71%
24 {pornhub}.com
58%
10 {wikipedia}.org
57%
11 {tiktok}.com
49%
12 {yahoo}.co.jp
46%
13 {yahoo}.com
46%
21 {netflix}.com
41%
7 {reddit}.com
29%
9 {whatsapp}.com
29%
8 {bing}.com
28%
5 {chatgpt}.com
25%
17 {linkedin}.com
14%
22 {pinterest}.com
13%
14 {yandex}.ru
7%
18 {baidu}.com
6%
15 {gemini}.google.com
6%
23 {live}.com
3%
19 {bet}.br
0%
25 {dzen}.ru
0%
20 {naver}.com
0%
Keine übereinstimmenden Quizze gefunden
Verteilung der Resultate
Anzahl Personen mit jedem Resultat
Perzentil nach korrekt beantworteten Fragen
Ihre Resultats-Entwicklung
Sie haben dieses Quiz seit der letzten Aktualisierung nicht gespielt